Sports Quiz

Random Sports or NBA Quiz
Score 0/55 Timer 07:00
6 Plays Today
% Correct
Green Bay Packers
81.9%
New York Giants
78.4%
Denver Broncos
78.3%
Baltimore/Indianapolis Colts
78.2%
San Francisco 49ers
77.2%
Pittsburgh Steelers
77.1%
Baltimore Ravens
74.7%
Commissioner's Trophy
70.5%
Stanley Cup
69.7%
Cleveland Browns
69.3%
Joe Montana
69%
Manchester United
68.5%
Buffalo
68.2%
Charlotte
67.4%
San Diego
66.7%
Lebron James
66.4%
Michael Jordan
66.2%
Oakland/Los Angeles Raiders
66%
Tom Brady
65.8%
Manchester City
64.6%
Miami Dolphins
64.4%
Detroit Lions
64.2%
Washington Redskins
64.1%
Dan Marino
64.1%
New York Yankees
63.8%
Charles Barkley
63.2%
Barry Bonds
63%
Brooklyn Nets
62.8%
% Correct
New Orleans Saints
62.7%
Chicago Bears
62.3%
Milwaukee Brewers
62.1%
Philadelphia Eagles
60.3%
Seattle Seahawks
60.3%
Newcastle United
60%
Arsenal
59.1%
Wayne Gretzky
58.8%
Tampa Bay Rays
58.8%
Joe Thornton
58.3%
Mickey Mantle
58.2%
Ted Williams
58.2%
Nottingham Forest
57.7%
New York Jets
57.4%
St. Louis/Los Angeles Rams
57%
Aston Villa
56.8%
Tampa Bay Buccaneers
56.6%
Orlando Magic
56.2%
David Ortiz
55.6%
Utah Jazz
54.6%
Leicester City
54%
Vancouver Canucks
53.7%
Texas Rangers
53.6%
Tottenham Hotspur
52.4%
Gordie Howe
51.2%
Chelsea
49.5%
Blackburn Rovers
31.1%
Remove Ads.
Support Sporcle.
Get the best of Sporcle when you Go Orange. This ad-free experience offers more features, more stats, and more fun while also helping to support Sporcle. Thank you for becoming a member.

You're not logged in!

Compare scores with friends on all Sporcle quizzes.
OR
Log In

Sporcle TV

Today on Sporcle TV


Watch our educational content, quiz creation guides, and fun videos on Sporcle TV.

Show Comments

Extras

Top Quizzes Today


Score Distribution

Paid Content

Your Account Isn't Verified!

In order to create a playlist on Sporcle, you need to verify the email address you used during registration. Go to your Sporcle Settings to finish the process.

Report this User

Report this user for behavior that violates our Community Guidelines.

Details: